| 000 | 00813nam a2200217 a 4500 | ||
|---|---|---|---|
| 001 | 000047444 | ||
| 005 | 20201002060537.0 | ||
| 008 | 141215s2016 dr 000 0 spa d | ||
| 020 | _a9789945477245 | ||
| 040 |
_aDO-SdBNP _bspa _cBNPHU |
||
| 082 |
_axxxx _bxxxx |
||
| 110 | 1 |
_aRepública Dominicana. _bPoder Judicial _bDirección de Familia, Niñez, Adolescencia y Género. _975076 |
|
| 245 | 1 | 0 |
_aDiscapacidad / _cproducción general Yolanda Iluminada González. |
| 260 |
_aSanto Domingo : _bPoder Judicial _bDIFNAG, _c2016. |
||
| 300 |
_a42 p. : ; _c27 cm. |
||
| 490 | 1 |
_aAlfabetización en derechos ; _aDiscapacidad ; _v2 |
|
| 590 | _aInventariado, 2018/ YL | ||
| 504 | _aBibliografía p: 41-42 | ||
| 700 | 1 |
_aGonzález, Yolanda Iluminada _975077 |
|
| 830 | 0 |
_aAlfabetización en derechos. Discapacidad _n2 _975078 |
|
| 999 |
_c46932 _d46932 |
||